[Event "PHI-ch (Women)"]
[Site "Manila"]
[Date "2011.07.21"]
[Round "8"]
[White "Palomo, Jenny Rose"]
[Black "Acedo, Rowelyn"]
[Result "1-0"]
[WhiteElo "1875"]
[BlackElo "1875"]
[PlyCount "115"]
[EventDate "2011.07.16"]
[EventType "tourn"]
[EventRounds "11"]
[EventCountry "PHI"]
[SourceTitle "CBM 143 Extra"]
[Source "ChessBase"]
[SourceDate "2011.08.29"]
[SourceVersion "1"]
[SourceVersionDate "2011.08.29"]
[SourceQuality "1"]

1. Nf3 Nf6 2. d4 d5 3. Bf4 e6 4. e3 Be7 5. h3 0-0 6. Nbd2 Nbd7 7. Bd3 b6 8. Ne5 Bb7 9. Qf3 c5 10. c3 Nxe5 11. dxe5 Nd7 12. h4 f6 13. Qh5 f5 14. Nf3 Qe8 15. Qxe8 Rfxe8 16. Ng5 Bxg5 17. hxg5 c4 18. Bc2 b5 19. Ke2 a5 20. Rh4 g6 21. g4 Re7 22. Bg3 Nc5 23. gxf5 exf5 24. a3 Rd8 25. f4 Bc6 26. Be1 Rb7 27. Rh6 Rc7 28. Bd2 Rb8 29. Rg1 Ne4 30. Be1 Rd8 31. Rgh1 Rcd7 32. Kd1 Ra8 33. R1h2 Rad8 34. Kc1 Ra8 35. Re2 Rad8 36. b3 Ra8 37. Kb2 Rad8 38. Rhh2 Rb8 39. Ka2 Nc5 40. b4 axb4 41. cxb4 Ne4 42. Bxe4 dxe4 43. Bc3 Bd5 44. Rd2 Rbd8 45. Kb2 Be6 46. Rd4 Kf8 47. Rhd2 Ke7 48. Rh2 Ke8 49. Rh1 Bg8 50. Ra1 Ra8 51. Rd6 Rxd6 52. exd6 Kd7 53. Be5 Be6 54. Kc3 Kc6 55. Kb2 Ra7 56. Bd4 Ra8 57. Bc5 Kd5 58. Kc3 1-0

[Event "PHI-ch (Women)"]
[Site "Manila"]
[Date "2011.07.19"]
[Round "5"]
[White "Fronda Pascua, Jan Jodilyn"]
[Black "Palomo, Jenny Rose"]
[Result "1-0"]
[WhiteElo "2076"]
[BlackElo "1875"]
[PlyCount "80"]
[EventDate "2011.07.16"]
[EventType "tourn"]
[EventRounds "11"]
[EventCountry "PHI"]
[SourceTitle "CBM 143 Extra"]
[Source "ChessBase"]
[SourceDate "2011.08.29"]
[SourceVersion "1"]
[SourceVersionDate "2011.08.29"]
[SourceQuality "1"]

1. e4 c5 2. Nf3 d6 3. d4 cxd4 4. Qxd4 Nc6 5. Bb5 Bd7 6. Bxc6 Bxc6 7. Nc3 Nf6 8. Bg5 e6 9. 0-0-0 Be7 10. Rhe1 0-0 11. Kb1 h6 12. Be3 Qa5 13. Qd2 Rfd8 14. Nd4 Bf8 15. f3 d5 16. Nxd5 Qxd2 17. Nxf6+ gxf6 18. Rxd2 Be8 19. Red1 Rdc8 20. c3 b5 21. Nc2 a5 22. a3 Be7 23. Bxh6 Rab8 24. Be3 Kg7 25. g4 Rc4 26. Rd4 Rcc8 27. h4 b4 28. axb4 axb4 29. Nxb4 Bc5 30. R4d3 Bxb4 31. cxb4 Rxb4 32. Bd2 Rb7 33. Rc1 Rcb8 34. Bc3 Bb5 35. Rd2 Kg6 36. f4 Ba4 37. f5+ Kg7 38. g5 e5 39. gxf6+ Kxf6 40. Rd5 Re8 1-0

[Event "PHI-ch (Women)"]
[Site "Tagaytay City"]
[Date "2010.05.31"]
[Round "8"]
[White "Cua, Shercila"]
[Black "Palomo, Jenny Rose"]
[Result "1-0"]
[WhiteElo "2142"]
[BlackElo "1879"]
[PlyCount "121"]
[EventDate "2010.05.25"]
[EventType "tourn"]
[EventRounds "11"]
[EventCountry "PHI"]
[SourceTitle "CBM 136 Extra"]
[Source "ChessBase"]
[SourceDate "2010.07.02"]
[SourceVersion "2"]
[SourceVersionDate "2010.07.15"]
[SourceQuality "1"]

1. d4 d5 2. c4 dxc4 3. Nf3 Nf6 4. e3 c5 5. Bxc4 cxd4 6. Qb3 e6 7. Nxd4 Be7 8. Nc3 0-0 9. 0-0 b6 10. Rd1 Qc7 11. Bd2 Nc6 12. Ncb5 Qb7 13. Nxc6 Qxc6 14. Be2 Ba6 15. Rac1 Qd5 16. Qa4 Bxb5 17. Bxb5 Qh5 18. Bc6 Rad8 19. Bf3 Qe5 20. Bc3 Qb8 21. g3 h6 22. Kg2 Rxd1 23. Rxd1 Rd8 24. Rxd8+ Bxd8 25. Qb5 Qc8 26. a4 Be7 27. Bd4 Bc5 28. Bc3 a5 29. Bc6 Nd5 30. Bxd5 exd5 31. Qd3 Qc6 32. Kg1 Qxa4 33. Qxd5 Qe8 34. Kg2 a4 35. e4 Qe6 36. Qa8+ Kh7 37. Qxa4 Kg6 38. Qc2 Qc6 39. f3 Kh7 40. Qb3 Kg6 41. Qc2 Kh7 42. Qd3 Qa4 43. h4 Qa1 44. Qf1 Qa4 45. Qb1 Qc4 46. Qf1 Qa2 47. h5 Qe6 48. Qd3 Qe8 49. Qd5 Qe7 50. Qe5 Qg5 51. Qxg5 hxg5 52. b4 Be3 53. b5 g6 54. hxg6+ Kxg6 55. Be1 Bc5 56. Bf2 Bd6 57. Bxb6 Bb8 58. Be3 f6 59. f4 gxf4 60. Bxf4 Ba7 61. Bc7 1-0